|
|
|
|
| LEADER |
01210nam a2200325 i 4500 |
| 001 |
39612 |
| 003 |
BD-DhAAL |
| 008 |
220920t2018 enka b 001 0 eng d |
| 999 |
|
|
|c 43961
|d 43961
|
| 010 |
|
|
|a 2017030238
|
| 020 |
|
|
|a 9781138205956 (pbk.)
|
| 020 |
|
|
|a 9781138205932 (hardback)
|
| 020 |
|
|
|z 9781315465852 (ebook)
|
| 040 |
|
|
|a DLC
|b eng
|c DLC
|e rda
|d DLC
|d BD-DhAAL
|
| 042 |
|
|
|a pcc
|
| 050 |
0 |
0 |
|a HC79.E5
|b B58 2018
|
| 082 |
0 |
0 |
|a 338.927
|2 23
|
| 100 |
1 |
|
|a Blewitt, John,
|d 1957-
|e author.
|9 51343
|
| 245 |
1 |
0 |
|a Understanding sustainable development /
|c John Blewitt.
|
| 250 |
|
|
|a Third edition.
|
| 264 |
|
1 |
|a London ;
|a New York :
|b Routledge, Taylor & Francis Group,
|c 2018.
|
| 300 |
|
|
|a 418 pages :
|b illustrations ;
|c 25 cm.
|
| 504 |
|
|
|a Includes bibliographical references and index.
|
| 526 |
|
|
|a PPDM, ARC
|
| 541 |
|
|
|a Book Finder International
|e 39612
|
| 650 |
|
0 |
|a Sustainable development.
|9 51344
|
| 650 |
|
0 |
|a Economics.
|9 51345
|
| 852 |
|
|
|a Ayesha Abed Library
|c General Stacks
|
| 942 |
|
|
|2 ddc
|c BK
|
| 952 |
|
|
|0 0
|1 0
|2 ddc
|4 0
|6 338_927000000000000_BLE
|7 0
|9 71785
|a BRACUL
|b BRACUL
|c GEN
|d 2022-09-06
|e Book Finder International
|g 2437.36
|l 0
|o 338.927 BLE
|p 3010039612
|r 2022-09-06
|t 1
|v 2437.36
|w 2022-09-06
|y BK
|